ბათუმის შოთა რუსთაველის სახელმწიფო უნივერსიტეტის ბიბლიოთეკა

Literacy instruction for students who are deaf and hard of hearing / (ბიბ.ჩანაწერი № 58138)

000 -LEADER
fixed length control field 01034cam a2200229 a 4500
001 - CONTROL NUMBER
control field 17457145
005 - DATE AND TIME OF LATEST TRANSACTION
control field 20210625131038.0
008 - FIXED-LENGTH DATA ELEMENTS--GENERAL INFORMATION
fixed length control field 120910s2013 enka b 001 0 eng
020 ## - INTERNATIONAL STANDARD BOOK NUMBER
International Standard Book Number 9780199838554
041 ## - LANGUAGE CODE
Language code of text/sound track or separate title eng
080 ## - UNIVERSAL DECIMAL CLASSIFICATION NUMBER
Universal Decimal Classification number 376.33 E-12
100 1# - MAIN ENTRY--PERSONAL NAME
Personal name Easterbrooks, Susan R.
9 (RLIN) 12130
245 10 - TITLE STATEMENT
Title Literacy instruction for students who are deaf and hard of hearing /
Statement of responsibility, etc. Susan R. Easterbrooks and Jennifer Beal-Alvarez.
264 ## - PRODUCTION, PUBLICATION, DISTRIBUTION, MANUFACTURE, AND COPYRIGHT NOTICE
Place of production, publication, distribution, manufacture New York :
Name of producer, publisher, distributor, manufacturer Oxford University Press,
Date of production, publication, distribution, manufacture, or copyright notice 2013.
300 ## - PHYSICAL DESCRIPTION
Extent 280 p. :
Other physical details ill. ;
Dimensions 24 cm.
653 ## - INDEX TERM--UNCONTROLLED
keyword სმენადაქვეითებული
653 ## - INDEX TERM--UNCONTROLLED
keyword Слабослышащие
653 ## - INDEX TERM--UNCONTROLLED
keyword წიგნიერების ინსტრუქცია ყრუ და სმენადაქვეითებული სტუდენტებისათვის
653 ## - INDEX TERM--UNCONTROLLED
keyword Обучение грамоте для глухих и слабослышащих учащихся
700 1# - ADDED ENTRY--PERSONAL NAME
Personal name Beal-Alvarez, Jennifer.
Relator term ავტორი
9 (RLIN) 12131
942 ## - ADDED ENTRY ELEMENTS (KOHA)
Source of classification or shelving scheme
Koha item type წიგნი
ეგზემპლარები
Withdrawn status Lost status Source of classification or shelving scheme Damaged status Not for loan Permanent Location Current Location Shelving location Date acquired Cost, normal purchase price Full call number Barcode Date last seen Copy number Price effective from Koha item type Public note
          ბათუმის შოთა რუსთაველის სახელმწიფო უნივერსიტეტის მთავარი ბიბლიოთეკა ბათუმის შოთა რუსთაველის სახელმწიფო უნივერსიტეტის მთავარი ბიბლიოთეკა წიგნსაცავი 2021-06-25 158.00 376.33 E-12 61417 2021-06-25 61417 2021-06-25 წიგნი 158 ლ.